Movies Quiz

Random Movies or Actor Quiz

Click-A-Hanks Quiz Stats

 Plays Quiz Updated Jul 18, 2017

Support Sporcle.
Go Orange.
Score 0/20 Timer 05:00
3 Plays Today
% Correct
Woody
98%
Forrest Gump
97.5%
Chuck Noland
97.4%
The Conductor
97%
Capt. Miller
96.9%
Jim Lovell
96.4%
Jimmy Dugan
92.7%
Viktor Navorski
92.5%
Capt. Richard Phillips
92%
Scott Turner
90.8%
% Correct
Josh
89.8%
Joe Fox
88%
Robert Langdon
87%
Carl Hanratty
86.4%
Walt Disney
86.1%
Michael Sullivan
83.6%
Andrew Beckett
81.3%
Dermot Hoggins
74.2%
Prof. G.H. Dorr
71.1%
Larry Crowne
66.4%

You're not logged in!

Compare scores with friends on all Sporcle quizzes.
OR
Log In
Forgot?

From the Vault

Remove Ads.
Support Sporcle.
Get the best of Sporcle when you Go Orange. This ad-free experience offers more features, more stats, and more fun while also helping to support Sporcle. Thank you for becoming a member.

Show Comments

Extras

Top Quizzes Today


Score Distribution

Your Account Isn't Verified!

In order to create a playlist on Sporcle, you need to verify the email address you used during registration. Go to your Sporcle Settings to finish the process.

Report this User

Report this user for behavior that violates our Community Guidelines.

Details: